La musique des années 1980 - Statistiques

Statistiques générales
  • Ce quiz a été pris 288 fois
  • Le résultat moyen est 14 sur 20
Statistiques - réponses
Indice Réponse % Correct
Chanteur auteur du tube Quand la musique est bonne Jean-Jacques Goldman
94%
Chanteuse ayant interprété Il jouait du piano debout France Gall
90%
Chanteur français décédé tragiquement dans un accident aérien Daniel Balavoine
85%
Héros de romans d’aventure mentionné dans le tube L’Aventurier d’Indochine Bob Morane
82%
Tube du groupe Images qui t'entraîne "jusqu'au bout de la nuit" Les Démons de minuit
81%
Chanson de Renaud commençant par "À m'asseoir sur un banc, cinq minutes avec toi" Mistral gagnant
81%
Chanteur à l'origine de la chanson Elle a les yeux revolver Marc Lavoine
79%
Film dont la chanson principale est Eye of the Tiger Rocky III
78%
Groupe français auteur de Ça c’est vraiment toi Téléphone
78%
Tube de Lio dont le titre évoque un dessert très populaire. Le banana split
74%
Complétez les paroles : "Terre brûlée au vent ___ ______ __ _______" Des landes de pierres
72%
Chanson de Michael Jackson devenue emblématique du moonwalk Billie Jean
71%
Artiste américain auteur de Purple Rain Prince
67%
Artiste surnommée “la Reine de la Pop”, immense star des années 80. Madonna
63%
Club de football ayant pour hymne le titre Les Corons de Pierre Bachelet Racing Club de Lens
61%
Tube de Cookie Dingler évoquant l’émancipation féminine Femme libérée
60%
Tube de Jean-Pierre Mader inspiré par une célèbre chaîne de discothèques Macumba
55%
Tube de Début de Soirée de 1988 devenu incontournable dans les soirées dansantes française Nuit de folie
52%
Chanteur français à l'origine du tube Rockollection Laurent Voulzy
51%
Émission culte des années 80 sur Antenne 2 présenté notamment par Antoine de Caunes Les Enfants du Rock
11%
Aucun quiz correspondant
Distribution des résultats
% des personnes avec chaque résultat
Percentile par nombre de réponses
Votre historique - résultats
Vous n’avez pas pris ce quiz